JAISALMER (Record no. 12878)

MARC details
000 -LEADER
fixed length control field 00319nam a22001457a 4500
003 - CONTROL NUMBER IDENTIFIER
control field SGT
020 ## - INTERNATIONAL STANDARD BOOK NUMBER
International Standard Book Number 81-7167-249-3
082 ## - DEWEY DECIMAL CLASSIFICATION NUMBER
Classification number 647.01
Item number J94S
100 ## - MAIN ENTRY--PERSONAL NAME
Personal name SHANKAR, ARCHANA
245 ## - TITLE STATEMENT
Title JAISALMER
260 ## - PUBLICATION, DISTRIBUTION, ETC. (IMPRINT)
Place of publication, distribution, etc NEW DELHI
Name of publisher, distributor, etc ROLI BOOKS PVT. LTD.
Year of Publication 1994
300 ## - PAGE DESCRIPTION
No. of Pages 64
650 ## - SUBJECT ADDED ENTRY--TOPICAL TERM
Topical term or geographic name as entry element HOTEL MANAGEMENT
942 ## - ADDED ENTRY ELEMENTS (KOHA)
Source of classification or shelving scheme Dewey Decimal Classification
Koha item type Books
Holdings
Withdrawn status Lost status Source of classification or shelving scheme Damaged status Not for loan Collection code Home library Current library Shelving location Date acquired Vendor Name SGTU Bill Number Total Checkouts Full call number Accession No. (Barcode) Date last seen Bill Date Koha item type
    Dewey Decimal Classification     HOTEL MANAGEMENT SGT Science & Social Sciences Library SGT Science & Social Sciences Library Text Book 08/08/2017 JINDAL BOOK SERVICE SGTU 1775   647.01 J94S HM710 08/08/2017 07/09/2015 Books